01110 2200289 4500001002100000005001500021035002000036007000300056008004100059020002200100082001100122084002000133100002700153245012600180250003600306300002900342650002500371700003600396520022000432264004600652336002100698337003000719338002300749990001600772990001600788990001600804INLIS00000000116382920240401093025 a0010-0324000085ta240401 g | ind  a978-623-164-577-7 a155.25 aSR 155.25 NUF k0 aNufi Wibisanaepenulis1 aKetika semua terlihat sulit :bseni bertahan dalam semua bentuk tekanan /cNufi Wibisana; penyunting, Idha Nafiatul Aisyi aCetakan Pertama: Februari, 2024 avi, 198 halaman ;c19 cm 4aPsikologi (Motivasi)0 aIdha Nafiatul Aisyiepenyunting aBuku ini tidak hanya merinci bagaimana kita bisa berdamai dengan masalah-masalah hidup, menyesuaikan diri dengan harapan yang tak selalu terpenuhi, tetapi juga mengeksplorasi cara berdamai dengan kompleksitas emosi. aYogyakarta :bAnak Hebat Indonesia,c2024 2rdacontentaTeks 2rdamediaaTanpa perantara 2rdacarrieraVolume a52674.65494 a52674.65494 a52674.65494